000 01951cam a22004574i 4500
003 PE-LiUPU
005 20250731173409.0
008 150706s r 000 0 d
020 _a9781558830028
035 _a(Sirsi) i9781558830028
040 _aPE-LiUPU
_bspa
_cPE-LiUPU
_erda
049 _aPRUA
082 0 4 _a259.4
_bC7
_221
245 0 1 _aCompartiendo la palabra de Dios con personas con discapacidad intelectual :
_bcurso para líderes /
_cAlejandro Pimentel.
264 1 _aMichigan :
_bFriendship Ministries,
_c2009.
300 _a34 páginas ;
_c21 cm.
336 _atext
_2rdacontent
337 _aunmediated
_2rdamedia
338 _avolume
_2rdacarrier
505 0 _aFriendship Ministries: Cómo causar un impacto positivo -- Compartir el amor de Dios (misión y metas) -- Consejos para trabajar con amigos -- Organizarse -- Elegir los materiales -- Aclarar las responsabilidades de los voluntarios -- Reclutar amigos y mentores -- Entrenar a mentores -- No olvidarse de los detalles -- Fomentar el sentido de comunidad -- Cómo incluir a amigos en el ministerio.
526 _aSEG42
526 _aSEG41
526 _aSEG40
526 _aSEG39
526 _aP94
526 _aP87
526 _aP86
526 _aP85
526 _aP77
526 _aP76
526 _aP35
541 _g001-0000539;
650 0 4 _aEvangelismo a Discapacitados mentalmente.
700 1 _aPimentel, Alejandro,
_eed.
910 _agl
_bjv
_cng
_d20110927
942 _2ddc
_cBOOK
949 _a259.4 C7
_wDEWEY
_c1
_i63717
_lCCODEBUL1
_mBUL
_p7.00
_r0
_sY
_tBOOK
_u2015-7-6
_xTEOLOGIA
_PP35
_o.STAFF. Colección General
994 _aC0
_bPEPRU
596 _a1
999 _a259.4 C7
_wDEWEY
_c52613
_i63717
_f2021-11-10
_g6
_lCCODEBUL1
_mBUL
_p7.00
_r0
_sY
_tBOOK
_u2015-7-6
_xTEOLOGIA
_PP35
_0COMPRA
_o.STAFF. Colección General
_d52613
980 _81
_gALBERTO SANCHEZ Responsable de Automatización